000 01192nam a22003497a 4500
003 CHAP
005 20220329141713.0
008 971013s1982 r 00010 d
010 _a72523
011 _a73495
035 _a83052
040 _cCHAP
090 _aTesis
100 0 0 _aGarcía Carmona, José Benito.
_945818
245 _aEfecto de la adición de vitamina C en la dieta sobre el tamaño de la camada de la cerda
260 _aMéxico, D.F. :
_bEl autor,
_c1982
300 _a42 h.
502 _aTesis (Médico Veterinario Zootecnista) -- UNAM. Fac. de Medicina Veterinaria y Zootecnia
590 _aALEPH
_b10
_c20130110
_lUCH01
_h1413
590 _aBATCH-UPD
_b10
_c20130109
_lUCH01
_h2314
590 _aBATCH-UPD
_b10
_c20130110
_lUCH01
_h1131
590 _aBATCH-UPD
_b10
_c20130410
_lUCH01
_h0720
590 _aBATCH-UPD
_b10
_c20130914
_lUCH01
_h1522
590 _aCONVERSION
_b10
_c20130109
_lUCH01
_h1340
650 1 4 _aGanado porcino
_xAlimentación.
_945329
650 1 4 _aGanado porcino
_xFecundidad.
_945369
650 1 4 _aGanado porcino
_xRazas.
_945402
650 1 4 _aVitaminas (C)
_9120014
901 _aBK
942 _cTESIS
949 _bBC
_cTES
_d-37396
_eTS1
_i83052
_si
999 _c72523
_d72523